El nuevo posicionamiento: lo más reciente sobre la estrategia de negocios N§1 del mundo

Đã lưu trong:
Chi tiết về thư mục
Những tác giả chính: Trout, Jack (Tác giả), Rivkin, Steve (Tác giả)
Định dạng: Sách
Ngôn ngữ:Tiếng Tây Ban Nha
Được phát hành: Ciudad de México McGraw-Hill 1996
Những chủ đề:
Các nhãn: Thêm thẻ
Không có thẻ, Là người đầu tiên thẻ bản ghi này!

MARC

LEADER 00000nam a2200000 a 4500
001 UCU1299
003 CL-VaPUC
008 960404e19960000MX |||||||||||||||||spa|d
082 0 4 |a 658.8  |b TRO  |2 21 
100 0 |a Trout, Jack  |e author  |9 356927 
700 0 |a Rivkin, Steve  |e author  |9 356928 
245 1 3 |a El nuevo posicionamiento: lo más reciente sobre la estrategia de negocios N§1 del mundo 
300 |a 173 p 
942 |c BK 
945 |d 19960404 00:00:00  |a rbrito 
260 |a Ciudad de México  |b McGraw-Hill  |c 1996 
650 0 |a Administración  |9 259325 
650 7 |a CAMBIO DE ACTITUD  |2 CL-VaPUC  |9 335665 
650 0 |a Marketing  |9 259324 
650 0 |a Gestión   |9 260993 
650 0 |a Administración de empresas   |9 260833 
650 0 |a Comercialización   |9 259326 
583 |a last modification  |c 19960404 00:00:00  |k Rodrigo Vera 
999 |c 245964  |d 245962 
952 |0 0  |1 0  |4 0  |6 658_800000000000000_TRO_1996  |7 0  |8 A  |9 260628  |a BIBENE  |b BIBENE  |d 2019-11-19  |i 3190226  |o 658.8 TRO 1996  |p 3190226  |r 2025-01-15  |w 2019-11-19  |y BK  |k ICO